header

Cash flow analysis and forecasting (Record no. 88927)

MARC details
000 -LEADER
fixed length control field 01311nam a2200313 a 4500
100 1# - MAIN ENTRY--AUTHOR NAME
Personal name Jury, Timothy D. H.
245 10 - TITLE STATEMENT
Title Cash flow analysis and forecasting
260 ## - PUBLICATION, DISTRIBUTION, ETC. (IMPRINT)
Place of publication West Sussex [England] :
Name of publisher John Wiley & Sons,
Year of publication 2012.
300 ## - PHYSICAL DESCRIPTION
Number of Pages xv, 317 p. :
Other physical details ill.
490 1# - SERIES STATEMENT
Series statement Wiley finance
500 ## - GENERAL NOTE
General note Includes index.
505 0# - FORMATTED CONTENTS NOTE
Formatted contents note section 1. Historic cash flow analysis -- section 2. Forecasting cash flows.
650 #0 - SUBJECT ADDED ENTRY--TOPICAL TERM
Topical Term Cash flow
856 40 - ELECTRONIC LOCATION AND ACCESS
Uniform Resource Identifier http://site.ebrary.com/lib/rucke/Doc?id=10559399

No items available.

© 2026 Rongo University
Contact us: librarian | system librarian | Rongo university